Lý thuyết xác suất và thống kê toán học /
Sách trình bày những khái niệm cơ bản, một số công thức tính xác suất quan trọng, những khái niệm về đại lượng ngẫu nhiên và các tính chất, tham số đặc trưng...trong lý thuyết xác suất.
Đã lưu trong:
| Hovedforfatter: | |
|---|---|
| Format: | Bog |
| Sprog: | Vietnamese |
| Udgivet: |
Hà Nội :
Đại học Quốc gia Hà Nội,
2000.
|
| Fag: | |
| Tags: |
Tilføj Tag
Ingen Tags, Vær først til at tagge denne postø!
|
| Thư viện lưu trữ: | Mạng thư viện Đại học Đà Nẵng |
|---|
| LEADER | 01157cam a2200349 i 4500 | ||
|---|---|---|---|
| 001 | 000043552 | ||
| 003 | 1529 | ||
| 005 | 20030918144314.0 | ||
| 008 | 010217b2000 vm 000 vie | ||
| 022 | |a T | ||
| 040 | |a IRC |c IRC |d IRC | ||
| 041 | 0 | |a vie | |
| 082 | 1 | 4 | |a 519.5 |b NG-B |
| 100 | 1 | |a Nguyễn Quang Báu. | |
| 245 | 0 | 0 | |a Lý thuyết xác suất và thống kê toán học / |c Nguyễn Quang Báu. |
| 260 | |a Hà Nội : |b Đại học Quốc gia Hà Nội, |c 2000. | ||
| 300 | |a 198tr. ; |c 20.5cm. | ||
| 520 | 3 | |a Sách trình bày những khái niệm cơ bản, một số công thức tính xác suất quan trọng, những khái niệm về đại lượng ngẫu nhiên và các tính chất, tham số đặc trưng...trong lý thuyết xác suất. | |
| 630 | 0 | 4 | |a Thống kê. |
| 630 | 0 | 4 | |a Toán học thống kê. |
| 630 | 0 | 4 | |a Lý thuyết xác suất. |
| 650 | 0 | 4 | |a Xác suất thống kê. |
| OWN | |a DUT | ||
| 999 | |a From the UDN01 | ||
| TYP | |a Monograph | ||
| TYP | |a Printed language | ||
| 980 | |a Mạng thư viện Đại học Đà Nẵng | ||